10 most populous countries on the world map - Statistics

General Stats
  • This quiz has been taken 135 times
  • The average score is 10 of 10
Answers on the Map
Answers color-coded by a green-red scale on the quiz's map according to % correct below.
 
Answer Stats
Answer % Correct
Mexico
99%
India
98%
Indonesia
98%
Bangladesh
97%
Brazil
97%
Nigeria
97%
China
96%
Pakistan
96%
Russia
96%
United States
96%
No matching quizzes found
Score Distribution
Percent of People with Each Score
Percentile by Number Answered
Your Score History
You have not taken this quiz